Statistics for JoJo’s Bizarre adventure character themes/OST

Click here to take the quiz!

General Stats

  • This quiz has been taken 563 times
  • The average score is 11 of 17

Answer Stats

Theme nameCharacter% Correct
Il vento d’oroGiorno
98%
Diamond is unbreakableJosuke
97%
Stardust crusadersJotaro
96%
KillerKira
92%
OverdriveJoseph
90%
Un'altra PersonaDiavolo
74%
Dark RebirthDio
74%
Virtuous PopeKakyoin
70%
AwakenPillar men
69%
AvalonKars
60%
MagneticaRisotto
50%
CavalierePolnareff
49%
PropagandaStroheim
48%
Nella CernieraBucciarati
42%
FigliaTrish
34%
EpitaffioEpitaph
19%
PiccoloFormaggio
14%

Score Distribution

Percentile by Number Answered

Percent of People with Each Score

Your Score History

You have not taken this quiz